Chemistry in context : (Record no. 53026)

MARC details
000 -LEADER
fixed length control field 00644nam a2200229Ia 4500
005 - DATE AND TIME OF LATEST TRANSACTION
control field 20260429112230.0
008 - FIXED-LENGTH DATA ELEMENTS--GENERAL INFORMATION
fixed length control field 260429s9999||||xx |||||||||||||| ||und||
020 ## - INTERNATIONAL STANDARD BOOK NUMBER
International Standard Book Number 9781260570816
041 ## - LANGUAGE CODE
Language English
082 ## - DEWEY DECIMAL CLASSIFICATION NUMBER
Classification number 540
Item number FAH
100 ## - MAIN ENTRY--PERSONAL NAME
Personal name Fahlman, Bradley D.
245 #0 - TITLE STATEMENT
Title Chemistry in context :
Remainder of title applying chemistry to society /
Statement of responsibility, etc Bradley D. Fahlman
250 ## - EDITION STATEMENT
Edition statement 10th ed.
260 ## - PUBLICATION, DISTRIBUTION, ETC. (IMPRINT)
Place of publication, distribution, etc New York :
Name of publisher, distributor, etc Mc Graw Hill,
Date of publication, distribution, etc 2021.
300 ## - PHYSICAL DESCRIPTION
Extent xix, 591 p.; pbk
650 ## - SUBJECT ADDED ENTRY--TOPICAL TERM
Topical term or geographic name as entry element Chemistry
700 ## - ADDED ENTRY--PERSONAL NAME
Personal name Daubenmire, Patrick L.
700 ## - ADDED ENTRY--PERSONAL NAME
Personal name Kelly, Resa M.
700 ## - ADDED ENTRY--PERSONAL NAME
Personal name Kirk, John S.
700 ## - ADDED ENTRY--PERSONAL NAME
Personal name Purvis-Roberts, Kathleen
942 ## - ADDED ENTRY ELEMENTS (KOHA)
Koha item type Text Books
Holdings
Withdrawn status Lost status Damaged status Not for loan Collection code Home library Location Shelving location Date of Cataloging Source of acquisition Total Checkouts Full call number Barcode Date last seen Price effective from Koha item type
        Non-fiction CUTN Central Library CUTN Central Library Sciences 29/04/2026 Sri Mariyamman Stores, Virudhunagar - Invoice No. SMS-CCR/2025-26/349 on 11-02-2026   540 FAH 58183 29/04/2026 29/04/2026 Text Books